000 00460nam a2200193Ia 4500
005 20240823021241.0
008 240823s9999||||xx |||||||||||||| ||und||
020 _a81-8324-147-6
041 _aENGLISH
082 _A658.8342 P6
100 _aSeshadri V
245 0 _aConsumerism
250 _a1st
260 _c2006
_b"Mittal Publications,New "
_aNew Delhi
500 _aYES
650 _aConsumer
_bManagement Studies
942 _cBK
999 _c176629
_d176629